Actividades con padres en el jardín de infantes
Uloženo v:
| Hlavní autor: | |
|---|---|
| Médium: | Kniha |
| Jazyk: | španělština |
| Vydáno: |
B. Aires.
Stadium.
c2002.
|
| Témata: | |
| Tagy: |
Přidat tag
Žádné tagy, Buďte první, kdo vytvoří štítek k tomuto záznamu!
|
MARC
| LEADER | 00000nam a22000005a 4500 | ||
|---|---|---|---|
| 001 | 92 | ||
| 003 | CL-ChBUA | ||
| 005 | 20120815103810.0 | ||
| 008 | 070516s2002 ag 000 0 spa | ||
| 020 | |a 9505311850 | ||
| 040 | |a CL-ChBUA |c CL-ChBUA | ||
| 082 | 0 | 0 | |a 372.218 |
| 090 | |c 21364 |d 21364 | ||
| 100 | 1 | |a Guinguis, Hugo. | |
| 245 | 1 | 0 | |a Actividades con padres en el jardín de infantes |
| 260 | |b Stadium. |a B. Aires. |c c2002. | ||
| 300 | |a 128 p. |b il. |c 23 cm. | ||
| 504 | |a Indice. | ||
| 650 | 4 | |a JARDIN DE INFANTES. | |
| 650 | 4 | |a PADRES - ACTIVIDADES. | |
| 650 | 4 | |a JUEGOS DEPORTIVOS. | |
| 942 | |c LIB | ||
| 952 | |0 0 |1 0 |2 ddc |4 0 |6 372_218000000000000_G_964 |7 0 |9 30097 |a UNACH |b UNACH |c 300 |d 2007-05-17 |i 40.049 |l 1 |m 1 |o 372.218 / G 964. |p 31151 |r 2018-11-22 00:00:00 |s 2018-01-04 |u 30097 |w 2012-08-08 |y LIB | ||
| 999 | |c 21364 |d 21364 | ||